000 00476cam0a220018100 4500
001 tmp15763699
003 UPRA
005 20190822112518.0
008 951023s1991 xx eng u
035 _a(Sirsi) r44111
035 _a(UPRA)tmp15763699
040 _cUPRA
100 1 _aMeron, T.
_6A1710.1
245 1 0 _aHuman rights and humanitarian norms of customary law.
260 _c1991.
949 _aKJ605
_wlcc
_i33729000409768
_mMAIN
_tBOOK
_lON-SHELF
004 44111
999 _c133099
_d133099